[Event "FRA-chT2S"]
[Site "France"]
[Date "2003.01.18"]
[Round "5.7"]
[White "Mangin, Philippe"]
[Black "Regnier, Thomas"]
[Result "0-1"]
[WhiteElo "1870"]
[BlackElo "2050"]
[PlyCount "84"]
[EventDate "2002.10.??"]
[EventType "team"]
[EventRounds "11"]
[EventCountry "FRA"]
[SourceTitle "EXT 2004"]
[Source "ChessBase"]
[SourceDate "2003.11.25"]
[SourceVersion "1"]
[SourceVersionDate "2003.11.25"]
[SourceQuality "1"]

1. e4 c5 2. Nf3 e6 3. d4 cxd4 4. Nxd4 a6 5. Bd3 Nf6 6. 0-0 Qc7 7. c4 Nc6 8. Nxc6 bxc6 9. Qe2 d6 10. Nc3 g6 11. Bg5 Bg7 12. Rad1 0-0 13. Bb1 h6 14. Bxf6 Bxf6 15. Qd2 Rb8 16. Na4 Rd8 17. Qxh6 Bxb2 18. Nxb2 Rxb2 19. e5 Qe7 20. Rd3 dxe5 21. Rh3 Qf6 22. Bxg6 fxg6 23. Qh7+ Kf8 24. Rf3 Qxf3 25. gxf3 Bb7 26. Qh8+ Ke7 27. Qg7+ Ke8 28. Qxg6+ Ke7 29. Qg5+ Ke8 30. Qxe5 Rdd2 31. Qxe6+ Kd8 32. c5 Bc8 33. Qf6+ Kc7 34. Kg2 Rxa2 35. h4 a5 36. h5 Ba6 37. Rb1 Rxf2+ 38. Kg3 Rg2+ 39. Kh3 Bc8+ 40. Kh4 Ra4+ 41. f4 Rg4+ 42. Kh3 Rgxf4+ 0-1

[Event "Val Maubuee op"]
[Site "Val Maubuee"]
[Date "1989.??.??"]
[Round "?"]
[White "Bardel, Stephan"]
[Black "Mangin, Philippe"]
[Result "1-0"]
[WhiteElo "1990"]
[BlackElo "1900"]
[PlyCount "95"]
[EventDate "1989.04.??"]
[EventType "swiss"]
[EventRounds "9"]
[EventCountry "FRA"]
[SourceTitle "TD"]
[Source "ChessBase"]
[SourceDate "1994.03.01"]
[SourceVersion "1"]
[SourceVersionDate "1994.03.01"]
[SourceQuality "1"]

1. d4 f5 2. Nc3 d5 3. Bg5 c6 4. e3 g6 5. g4 fxg4 6. h3 g3 7. fxg3 Nf6 8. Bd3 Bg7 9. Qe2 0-0 10. 0-0-0 Nbd7 11. Nf3 Qe8 12. e4 e5 13. dxe5 Nxe5 14. Bxf6 Nxd3+ 15. Qxd3 dxe4 16. Nxe4 Bxf6 17. Nxf6+ Rxf6 18. Qc3 Qf8 19. Ng5 Be6 20. Nxe6 Rxe6 21. Qb3 Qe7 22. Rhe1 Re8 23. Re4 Kh8 24. Qc3+ Kg8 25. Qb3 Kh8 26. Rxe6 Qxe6 27. Qxe6 Rxe6 28. Rd8+ Kg7 29. Rd7+ Kh6 30. Rxb7 Re3 31. Rb3 Re7 32. Kd2 Kg5 33. Re3 Rd7+ 34. Kc3 Kf5 35. b4 h5 36. a4 g5 37. b5 cxb5 38. axb5 Rc7+ 39. Kb3 Rc5 40. c4 Rc7 41. Kb4 h4 42. c5 hxg3 43. Rxg3 Kf4 44. Rg4+ Kf5 45. b6 Re7 46. bxa7 Rxa7 47. c6 Rh7 48. Rg3 1-0

[Event "Val Maubuee op"]
[Site "Val Maubuee"]
[Date "1989.??.??"]
[Round "?"]
[White "Mangin, Philippe"]
[Black "Abrlic, Dragan"]
[Result "1-0"]
[WhiteElo "1900"]
[BlackElo "1760"]
[PlyCount "43"]
[EventDate "1989.04.??"]
[EventType "swiss"]
[EventRounds "9"]
[EventCountry "FRA"]
[SourceTitle "TD"]
[Source "ChessBase"]
[SourceDate "1994.03.01"]
[SourceVersion "1"]
[SourceVersionDate "1994.03.01"]
[SourceQuality "1"]

1. e4 d6 2. d4 Nf6 3. Nc3 g6 4. Nf3 Bg7 5. h3 c6 6. Be3 b5 7. a3 Qc7 8. Be2 a5 9. d5 Ba6 10. dxc6 b4 11. axb4 axb4 12. Nd5 Nxd5 13. exd5 Bxb2 14. Rb1 Bc3+ 15. Bd2 Bxe2 16. Qxe2 0-0 17. 0-0 Bxd2 18. Qxd2 Kg7 19. Rxb4 Ra7 20. Rfb1 Nxc6 21. dxc6 Qxc6 22. Qd4+ 1-0